[Event "XXII Rapid"]
[Site "Villarrobledo SPA"]
[Date "2007.08.04"]
[Round "5"]
[White "Ivanchuk, V."]
[Black "Fedorchuk, S."]
[Result "1-0"]
[WhiteElo "2762"]
[BlackElo "2618"]
[PlyCount "99"]
[EventDate "2007.08.04"]
[Source "www.chesslib.no"]
[SourceDate "2004.05.04"]

1. d4 Nf6 2. c4 e6 3. Nf3 b6 4. g3 Bb4+ 5. Bd2 a5 6. Bg2 Ba6 7. Ne5 Ra7 8. Bxb4 axb4 9. a3 Bc8 10. Nd3 bxa3 11. Nxa3 Bb7 12. Bxb7 Rxb7 13. Qa4 Nc6 14. Nb5 O-O 15. O-O d5 16. cxd5 Qxd5 17. Rfc1 h5 18. Qc4 Qxc4 19. Rxc4 Na5 20. Rxc7 Rxc7 21. Nxc7 Nb3 22. Ra4 Rc8 23. Ra8 Rxa8 24. Nxa8 Nd5 25. e3 Nd2 26. Nf4 Nxf4 27. gxf4 b5 28. Nc7 b4 29. Na6 b3 30. Nc5 Kf8 31. Kg2 Ke7 32. Nd3 Kd6 33. f3 Kd5 34. Kf2 Nc4 35. Nb4+ Kd6 36. Nd3 Kd5 37. Ke2 f6 38. Nb4+ Kd6 39. Nd3 Kd5 40. Nc5 Nxb2 41. Nxb3 e5 42. e4+ Kc4 43. fxe5 fxe5 44. dxe5 Nd3 45. Na5+ Kc3 46. Nc6 g5 47. Ke3 Nf4 48. Nd4 Ng2+ 49. Kf2 Kxd4 50. e6 1-0

[Event "EUWE"]
[Site "Amsterdam EUWE"]
[Date "1979.??.??"]
[Round "?"]
[White "Karpov, Anatoly"]
[Black "Hort, Vlastimil"]
[Result "1-0"]
[WhiteElo "2705"]
[BlackElo "2600"]
[PlyCount "90"]
[EventDate "1979.??.??"]
[Source "www.chesslib.no"]
[SourceDate "2004.05.04"]

1. c4 Nf6 2. Nf3 e6 3. Nc3 c5 4. g3 b6 5. Bg2 Bb7 6. O-O d5 7. cxd5 Nxd5 8. d4 Nxc3 9. bxc3 Nd7 10. Re1 cxd4 11. cxd4 Bb4 12. Bg5 f6 13. Bd2 Bxd2 14. Qxd2 Rc8 15. Qd3 Qe7 16. Rac1 O-O 17. Ng5 fxg5 18. Bxb7 Nc5 19. dxc5 Qxb7 20. Qe3 Rxc5 21. Rxc5 bxc5 22. Rc1 Qd5 23. Rxc5 Qxa2 24. Rxg5 Qb1+ 25. Kg2 Qb6 26. Re5 Qxe3 27. Rxe3 Re8 28. Ra3 Re7 29. Ra5 Kf7 30. h4 h6 31. g4 Kf6 32. f4 Rb7 33. Kf3 Rc7 34. Ra6 g6 35. Ra5 Rd7 36. e3 Rb7 37. h5 g5 38. Ra6 gxf4 39. exf4 Rb3+ 40. Kg2 Rb7 41. Kg3 Rb3+ 42. Kh4 Rb4 43. Rxa7 Rxf4 44. Rh7 Ra4 45. Rxh6+ Kg7 1-0

[Event "Tch (Men) 2005/2006 FRA"]
[Site "?"]
[Date "2006.02.05"]
[Round "3"]
[White "Bacrot Etienne"]
[Black "Bunzmann Dimitrij"]
[Result "1-0"]
[WhiteElo "2717"]
[BlackElo "2537"]
[PlyCount "53"]
[EventDate "2006.??.??"]
[Source "www.chesslib.no"]
[SourceDate "2004.05.04"]

1. d4 e6 2. Nf3 Nf6 3. c4 b6 4. g3 Bb4+ 5. Bd2 Be7 6. Bg2 c6 7. Bf4 Bb7 8. Nc3 O-O 9. e4 d5 10. Nd2 dxe4 11. Ndxe4 Nxe4 12. Nxe4 f5 13. Nc3 Bf6 14. Qe2 Qe7 15. O-O-O Rd8 16. Rhe1 Rxd4 17. Rxd4 Bxd4 18. Nb5 Bxf2 19. Qxf2 cxb5 20. Rxe6 Qd7 21. Rd6 Qe7 22. Bxb7 Qxb7 23. Rd8+ Kf7 24. Bxb8 Ke7 25. Qxf5 Kxd8 26. Qf8+ Kd7 27. Qf7+ 1-0

[Event "Moskva (open)"]
[Site "?"]
[Date "1992.??.??"]
[Round "?"]
[White "Ehlvest, J."]
[Black "Tiviakov, S."]
[Result "1/2-1/2"]
[WhiteElo "2635"]
[BlackElo "2585"]
[PlyCount "55"]
[EventDate "1992.??.??"]
[Source "ChessBase"]
[SourceDate "1992.10.01"]

1. Nf3 Nf6 2. c4 b6 3. d4 e6 4. g3 Be7 5. Bg2 c6 6. O-O d5 7. Nc3 Bb7 8. b3 O-O 9. Ne5 Nbd7 10. Bf4 Nxe5 11. Bxe5 Rc8 12. Qd3 Nd7 13. Bf4 c5 14. cxd5 cxd4 15. Nb5 e5 16. d6 Nc5 17. dxe7 Qxe7 18. Qf5 Bxg2 19. Kxg2 exf4 20. Nxd4 fxg3 21. hxg3 Ne6 22. Nxe6 Qxe6 23. Qxe6 fxe6 24. Rac1 Kf7 25. f4 Rfd8 26. Kf3 Kf6 27. a4 h5 28. Rh1 1/2-1/2

[Event "Moskva (open)"]
[Site "?"]
[Date "1992.??.??"]
[Round "?"]
[White "Epishin, V."]
[Black "Tiviakov, S."]
[Result "1/2-1/2"]
[WhiteElo "2630"]
[BlackElo "2585"]
[PlyCount "98"]
[EventDate "1992.??.??"]
[Source "ChessBase"]
[SourceDate "1993.02.01"]

1. d4 Nf6 2. c4 e6 3. Nf3 b6 4. g3 Bb4+ 5. Bd2 Be7 6. Nc3 c6 7. e4 d5 8. Bd3 dxe4 9. Nxe4 Bb7 10. Qe2 Nbd7 11. O-O-O O-O 12. Rhe1 c5 13. Bc3 Nxe4 14. Bxe4 Bxe4 15. Qxe4 Nf6 16. Qb7 Re8 17. dxc5 Qc8 18. c6 Qxb7 19. cxb7 Rab8 20. Bxf6 Bxf6 21. Rd7 Re7 22. Ne5 Rxd7 23. Nxd7 Rxb7 24. Nxf6+ gxf6 25. Kc2 Kf8 26. Rd1 Rc7 27. Kc3 Ke7 28. b4 e5 29. a4 f5 30. c5 bxc5 31. b5 c4 32. a5 f6 33. Rd2 h5 34. h4 Ke6 35. Rd8 Rc5 36. Rb8 Kd5 37. a6 Rc7 38. Rb7 Rc5 39. Rd7+ Ke4 40. Rxa7 Rxb5 41. Rf7 Ra5 42. Rxf6 Ra4 43. Re6 Kf3 44. Rxe5 Kxf2 45. Rxf5+ Kxg3 46. Rxh5 Rxa6 47. Rh8 Kg4 48. h5 Kg5 49. h6 Rxh6 1/2-1/2

[Event "Memorial Narciso Yepes (open)"]
[Site "Lorca (Spain)"]
[Date "2007.06.??"]
[Round "8"]
[White "Spraggett Kevin (CAN)"]
[Black "Fedorchuk Sergey A (UKR)"]
[Result "1/2-1/2"]
[WhiteElo "2611"]
[BlackElo "2603"]
[PlyCount "21"]
[EventDate "2007.??.??"]
[Source "www.chesslib.no"]
[SourceDate "2004.05.04"]

1. d4 Nf6 2. c4 e6 3. Nf3 b6 4. g3 Bb4+ 5. Bd2 a5 6. Bg2 Ba6 7. Ne5 Ra7 8. O-O Bxd2 9. Nxd2 O-O 10. Rc1 d6 11. Nef3 1/2-1/2

[Event "Altensteig"]
[Site "Altensteig"]
[Date "1995.??.??"]
[Round "8"]
[White "Dautov, Rustem"]
[Black "Bischoff, Klaus"]
[Result "1/2-1/2"]
[WhiteElo "2620"]
[BlackElo "2550"]
[PlyCount "57"]
[EventDate "1995.08.??"]
[Source "ChessBase"]

1. d4 Nf6 2. Nf3 e6 3. c4 b6 4. g3 Bb4+ 5. Bd2 Be7 6. Bg2 c6 7. O-O O-O 8. Nc3 Bb7 9. Bf4 d5 10. Ne5 Nbd7 11. e4 Nxe5 12. dxe5 Nxe4 13. Nxe4 dxe4 14. Bxe4 Qxd1 15. Rfxd1 Rfd8 16. Be3 Kf8 17. a3 h6 18. Rxd8+ Rxd8 19. Rc1 Ke8 20. c5 Bxc5 21. Bxc5 bxc5 22. Rxc5 Kd7 23. Kf1 Kc7 24. Ke2 Kb6 25. Rc3 Ba6+ 26. Ke3 Bb5 27. Rb3 Kc7 28. Rc3 Kb6 29. Rb3 1/2-1/2

[Event "Calcutta"]
[Site "Calcutta"]
[Date "1992.??.??"]
[Round "11"]
[White "Eingorn, Vereslav S"]
[Black "Vyzmanavin, Alexey"]
[Result "1/2-1/2"]
[WhiteElo "2580"]
[BlackElo "2590"]
[PlyCount "35"]
[EventDate "1992.01.??"]
[Source "ChessBase"]

1. d4 Nf6 2. c4 e6 3. Nf3 b6 4. g3 Bb4+ 5. Bd2 Be7 6. Nc3 d5 7. cxd5 exd5 8. Bg2 O-O 9. O-O Bb7 10. Rc1 Nbd7 11. Bf4 c6 12. Ne5 Nxe5 13. Bxe5 Re8 14. Rc2 Nd7 15. Nxd5 cxd5 16. Bc7 Qc8 17. Bf4 Qd8 18. Bc7 1/2-1/2

[Event "Brno"]
[Site "?"]
[Date "1993.??.??"]
[Round "?"]
[White "Chernin, A."]
[Black "Schlosser, Ph"]
[Result "1/2-1/2"]
[WhiteElo "2615"]
[BlackElo "2550"]
[PlyCount "102"]
[EventDate "1993.??.??"]
[Source "ChessBase"]
[SourceDate "1993.10.01"]

1. d4 Nf6 2. c4 e6 3. Nf3 b6 4. g3 Bb4+ 5. Bd2 a5 6. Bg2 O-O 7. a3 Be7 8. Nc3 Ba6 9. b3 c6 10. d5 exd5 11. cxd5 Re8 12. O-O cxd5 13. Ra2 Nc6 14. Be3 Bc5 15. Bg5 d4 16. Nd5 Nxd5 17. Bxd8 Nc3 18. Qa1 Nxa2 19. b4 axb4 20. Qxa2 Rxe2 21. Qd5 Rxd8 22. Ng5 Re7 23. Qf5 g6 24. Qh3 h5 25. axb4 Nxb4 26. Ra1 d3 27. Qh4 d5 28. Bf1 Bc4 29. g4 f6 30. Nf3 Kg7 31. gxh5 Rh8 32. Qg3 Rxh5 33. h4 Nc6 34. Rd1 Rf5 35. Bxd3 Bxd3 36. Rxd3 Ne5 37. Rb3 Nxf3+ 38. Rxf3 Rxf3 39. Qxf3 Re5 40. Qg3 Bd6 41. Qg4 Rf5 42. Kg2 Bc5 43. f3 d4 44. Qe4 Re5 45. Qb7+ Re7 46. Qd5 Re5 47. Qd7+ Kg8 48. Qd8+ Kf7 49. Qd7+ Re7 50. Qd5+ Kg7 51. Kg3 Re5 1/2-1/2

[Event "Recklinghauser Schachtage"]
[Site "Recklinghausen"]
[Date "1998.08.31"]
[Round "7"]
[White "Graf, Alexander"]
[Black "Siegel, Georg"]
[Result "1-0"]
[WhiteElo "2625"]
[BlackElo "2540"]
[PlyCount "75"]
[EventDate "1998.07.25"]
[Source "ChessBase"]
[SourceDate "1998.11.30"]

1. d4 Nf6 2. c4 e6 3. Nf3 b6 4. g3 Bb4+ 5. Bd2 Be7 6. Bg2 c6 7. O-O O-O 8. Qc2 d5 9. b3 Nbd7 10. Rd1 Bb7 11. Nc3 Rc8 12. e4 c5 13. exd5 exd5 14. dxc5 dxc4 15. b4 bxc5 16. b5 Bd6 17. Bg5 Qb6 18. a4 Bxf3 19. Bxf3 Be5 20. a5 Qe6 21. Re1 Qh3 22. Bxf6 Bxf6 23. Rad1 Rcd8 24. Nd5 Bd4 25. Qxc4 Ne5 26. Rxe5 Bxe5 27. Ne7+ Kh8 28. Rxd8 Rxd8 29. Nc6 Bxg3 30. hxg3 Re8 31. Qf1 Qe6 32. Kg2 h5 33. Bxh5 c4 34. Bf3 c3 35. Qd3 Qb3 36. Bd5 Qb2 37. Qf5 Qe2 38. Qxf7 1-0

[Event "Bayern-ch Bank Hofmann 2nd"]
[Site "Bad Wiessee"]
[Date "1998.12.03"]
[Round "6"]
[White "Hertneck, Gerald"]
[Black "Sturua, Zurab"]
[Result "1/2-1/2"]
[WhiteElo "2555"]
[BlackElo "2600"]
[PlyCount "117"]
[EventDate "1998.11.??"]
[Source "www.chesslib.no"]
[SourceDate "2004.05.04"]

1. d4 Nf6 2. Nf3 e6 3. c4 b6 4. g3 Bb4+ 5. Bd2 Be7 6. Bg2 c6 7. Bc3 d5 8. Nbd2 Nbd7 9. Ne5 Bb7 10. O-O O-O 11. e4 Nxe5 12. dxe5 d4 13. exf6 gxf6 14. Rc1 Kh8 15. Qe2 dxc3 16. Rxc3 c5 17. f4 Qd4+ 18. Kh1 Rad8 19. Nb3 Qd7 20. Qh5 f5 21. exf5 Bf6 22. fxe6 Bxg2+ 23. Kxg2 Qxe6 24. f5 Qe4+ 25. Qf3 Qxf3+ 26. Rcxf3 Bxb2 27. Re1 Bf6 28. a4 Rd6 29. a5 Rfd8 30. axb6 axb6 31. Kf2 Kg7 32. Re2 h5 33. h3 Bg5 34. h4 Bh6 35. Na1 Kf6 36. Nc2 Rd2 37. Ne1 Rxe2+ 38. Kxe2 Rd6 39. Nd3 Rd4 40. Rf1 Re4+ 41. Kf2 Rd4 42. Ke2 Re4+ 43. Kf2 Kxf5 44. Kg2+ Kg6 45. Rb1 Re6 46. Nb2 Bd2 47. Rd1 Bc3 48. Nd3 Kf5 49. Nf4 Re4 50. Nd5 Ba5 51. Kf3 Rd4 52. Rxd4 cxd4 53. Nf4 Bd2 54. Nd3 Be3 55. Nb4 Bg1 56. Kg2 Be3 57. Kf3 Bg1 58. Kg2 Be3 59. Kf3 1/2-1/2

[Event "Kobenhavn 85/433"]
[Site "?"]
[Date "2002.??.??"]
[Round "?"]
[White "Beliavsky, A."]
[Black "Kallio, H."]
[Result "1-0"]
[WhiteElo "2652"]
[BlackElo "2501"]
[PlyCount "65"]
[EventDate "2002.??.??"]
[Source "Chess Informant"]
[SourceDate "2002.06.01"]

1. d4 Nf6 2. c4 e6 3. Nf3 b6 4. g3 Bb4+ 5. Bd2 a5 6. Bg2 d5 7. cxd5 exd5 8. O-O O-O 9. Ne5 Bb7 10. Bg5 h6 11. Bxf6 Qxf6 12. Nc3 Rd8 13. Rc1 Na6 14. e3 Qe6 15. Nd3 Bd6 16. Qb3 Nb4 17. Nxb4 axb4 18. Nxd5 Ra7 19. f4 c5 20. Nxb6 Bxg2 21. Qxe6 fxe6 22. Kxg2 cxd4 23. Rc6 Rxa2 24. Nc4 Be7 25. Rd1 d3 26. e4 g5 27. Kf3 e5 28. f5 d2 29. Ke2 Rd4 30. Rxd2 Rxe4+ 31. Kf3 Rd4 32. Rxd4 exd4 33. f6 1-0

[Event "HB Global Chess Challenge"]
[Site "?"]
[Date "2005.05.19"]
[Round "2.5"]
[White "Epishin Vladimir"]
[Black "Contreras Henry"]
[Result "1-0"]
[WhiteElo "2714"]
[BlackElo "2436"]
[PlyCount "83"]
[EventDate "2005.??.??"]
[Source "www.chesslib.no"]
[SourceDate "2004.05.04"]

1. d4 Nf6 2. c4 e6 3. Nf3 b6 4. g3 Bb4+ 5. Bd2 Be7 6. Nc3 c6 7. e4 d5 8. Bd3 dxc4 9. Bxc4 O-O 10. Qe2 Re8 11. Rd1 a5 12. Bf4 b5 13. Bd3 b4 14. Na4 Ba6 15. Bxa6 Nxa6 16. Rc1 Nb8 17. O-O Nfd7 18. Rc4 Nb6 19. Nxb6 Qxb6 20. Rfc1 Rc8 21. Qc2 a4 22. Bxb8 b3 23. axb3 axb3 24. Qc3 Rcxb8 25. Ne5 Rc8 26. Nxc6 Re8 27. Nxe7+ Rxe7 28. Rb4 Qd8 29. Qxb3 Rd7 30. Qc3 h6 31. Rc4 Qb6 32. b4 Ra2 33. Rc5 e5 34. d5 Qf6 35. Rc2 Rda7 36. Ra5 R7xa5 37. bxa5 Ra4 38. Kg2 Rxe4 39. Qd3 Qg6 40. d6 Rd4 41. Qxg6 fxg6 42. a6 1-0

[Event "Tch (Men) 2005/2006 FRA"]
[Site "?"]
[Date "2006.02.03"]
[Round "1"]
[White "Komarov Dimitri"]
[Black "Sokolov Andrei"]
[Result "1/2-1/2"]
[WhiteElo "2516"]
[BlackElo "2632"]
[PlyCount "24"]
[EventDate "2006.??.??"]
[Source "www.chesslib.no"]
[SourceDate "2004.05.04"]

1. d4 Nf6 2. c4 e6 3. Nf3 b6 4. g3 Na6 5. b3 Nb4 6. Bd2 Be7 7. Nc3 O-O 8. Rc1 d5 9. Bg2 Nd7 10. cxd5 exd5 11. O-O Re8 12. Be3 h6 1/2-1/2

[Event "Camp. open cittadino"]
[Site "Parigi FRA"]
[Date "2007.07.09"]
[Round "3"]
[White "David, Alb"]
[Black "Fedorchuk, S."]
[Result "1/2-1/2"]
[WhiteElo "2529"]
[BlackElo "2618"]
[PlyCount "31"]
[EventDate "2007.07.07"]
[Source "www.chesslib.no"]
[SourceDate "2004.05.04"]

1. d4 Nf6 2. c4 e6 3. Nf3 b6 4. g3 Bb4+ 5. Bd2 a5 6. Bg2 Ba6 7. Ne5 Ra7 8. O-O Bxd2 9. Qxd2 O-O 10. Na3 d5 11. Rac1 c6 12. Rfd1 Nfd7 13. Nd3 Nf6 14. Ne5 Nfd7 15. Nd3 Nf6 16. Ne5 1/2-1/2

[Event "Campionato europeo 2007"]
[Site "Dresda GER"]
[Date "2007.04.04"]
[Round "2"]
[White "Rogozenko, Dorian"]
[Black "Balogh, Csaba"]
[Result "1/2-1/2"]
[WhiteElo "2528"]
[BlackElo "2617"]
[PlyCount "37"]
[EventDate "2007.04.03"]
[Source "www.chesslib.no"]
[SourceDate "2004.05.04"]

1. d4 Nf6 2. c4 e6 3. Nf3 b6 4. g3 Bb4+ 5. Bd2 Bxd2+ 6. Qxd2 Ba6 7. b3 c6 8. Bg2 d5 9. Ne5 O-O 10. O-O Nfd7 11. Nxd7 Nxd7 12. cxd5 cxd5 13. Nc3 Rc8 14. Rfc1 Nf6 15. e3 Qe7 16. Ne2 Bxe2 17. Qxe2 Qa3 18. Rc2 Rfd8 19. Qd2 1/2-1/2

[Event "Graz (zt)"]
[Site "?"]
[Date "1993.??.??"]
[Round "?"]
[White "Lobron, E."]
[Black "Schlosser, Ph"]
[Result "1-0"]
[WhiteElo "2620"]
[BlackElo "2520"]
[PlyCount "65"]
[EventDate "1993.??.??"]
[Source "ChessBase"]
[SourceDate "1993.10.01"]

1. d4 Nf6 2. c4 e6 3. Nf3 b6 4. g3 Bb4+ 5. Bd2 a5 6. Bg2 O-O 7. a3 Be7 8. Nc3 Ba6 9. Ne5 c6 10. O-O d5 11. cxd5 cxd5 12. Rc1 b5 13. b4 Qb6 14. e3 axb4 15. axb4 Rc8 16. Ne2 Nbd7 17. Nd3 Ne4 18. Nc5 Ndf6 19. f3 Nd6 20. e4 dxe4 21. fxe4 Nc4 22. e5 Nd5 23. Bxd5 exd5 24. Nf4 Bb7 25. Rc2 Ra3 26. Qg4 Rca8 27. Bc1 Ra1 28. Rcf2 Bxc5 29. bxc5 Qh6 30. e6 fxe6 31. Qxe6+ Qxe6 32. Nxe6 h6 33. Rf7 1-0

[Event "Metz FRA"]
[Site "?"]
[Date "2006.04.27"]
[Round "6"]
[White "Postny Evgeny"]
[Black "Epishin Vladimir"]
[Result "1/2-1/2"]
[WhiteElo "2572"]
[BlackElo "2565"]
[PlyCount "23"]
[EventDate "2006.??.??"]
[Source "www.chesslib.no"]
[SourceDate "2004.05.04"]

1. d4 Nf6 2. c4 e6 3. Nf3 b6 4. g3 Bb4+ 5. Bd2 a5 6. Bg2 O-O 7. O-O Ba6 8. Ne5 Ra7 9. Bg5 Be7 10. Qc2 c5 11. dxc5 bxc5 12. Rd1 1/2-1/2

[Event "Munich"]
[Site "Munich"]
[Date "1992.??.??"]
[Round "9"]
[White "Lutz, Christopher"]
[Black "Christiansen, Larry Mark"]
[Result "1/2-1/2"]
[WhiteElo "2540"]
[BlackElo "2595"]
[PlyCount "74"]
[EventDate "1992.05.??"]
[Source "ChessBase"]

1. d4 Nf6 2. c4 e6 3. Nf3 b6 4. g3 Bb4+ 5. Bd2 a5 6. Bg2 Ba6 7. Ne5 Ra7 8. O-O O-O 9. Qc2 h6 10. Bc1 Be7 11. d5 exd5 12. cxd5 Re8 13. Rd1 Bd6 14. Nc4 Bc5 15. e3 d6 16. b3 Nbd7 17. Bb2 Ng4 18. Bd4 Qg5 19. Nc3 a4 20. Ne4 Qg6 21. Rac1 axb3 22. axb3 Bxc4 23. bxc4 Bxd4 24. exd4 Rea8 25. Nc3 Qg5 26. h3 Ngf6 27. Qd2 Qf5 28. Qd3 Qxd3 29. Rxd3 Ra3 30. Re3 Kf8 31. Rce1 Ra1 32. Nb5 Rxe1+ 33. Rxe1 Ne8 34. Bf1 Ra2 35. Kg2 h5 36. Bd3 Ndf6 37. Re3 g6 1/2-1/2

[Event "Presov"]
[Site "Presov"]
[Date "1999.08.20"]
[Round "7"]
[White "Stohl, Igor"]
[Black "Stocek, Jiri"]
[Result "1/2-1/2"]
[WhiteElo "2600"]
[BlackElo "2532"]
[PlyCount "109"]
[EventDate "1999.08.14"]
[Source "ChessBase"]
[SourceDate "1999.12.01"]

1. Nf3 Nf6 2. c4 b6 3. d4 e6 4. g3 Bb4+ 5. Bd2 Bxd2+ 6. Qxd2 Ba6 7. Qc2 c5 8. Bg2 Nc6 9. dxc5 bxc5 10. O-O Rb8 11. b3 Qb6 12. Nc3 Nd4 13. Nxd4 cxd4 14. Ne4 Nxe4 15. Qxe4 d6 16. Rad1 e5 17. e3 dxe3 18. Qxe3 Qxe3 19. fxe3 Ke7 20. Rd5 Rhc8 21. Ra5 Rb6 22. Rd1 Rc7 23. Bh3 g6 24. e4 f6 25. Kf2 Rbc6 26. Ke3 Rb6 27. Rdd5 Rbc6 28. Ra4 Rb6 29. Rda5 Rcc6 30. Bf1 f5 31. exf5 gxf5 32. Bg2 d5 33. c5 d4+ 34. Kf2 e4 35. cxb6 e3+ 36. Kf3 Re6 37. Rc5 e2 38. Rc1 d3 39. Rd4 e1=Q 40. Rxe1 Rxe1 41. bxa7 Bb7+ 42. Kf4 Bxg2 43. Rxd3 Rc1 44. Rd4 Rc5 45. Ra4 Ba8 46. Ra6 Kf7 47. h4 h5 48. Rh6 Ra5 49. a4 Be4 50. Rxh5 Kg6 51. Rg5+ Kf6 52. g4 Bc2 53. gxf5 Bxb3 54. Rg6+ Kf7 55. Rh6 1/2-1/2

[Event "EU-chT (Men)"]
[Site "Haifa"]
[Date "1989.??.??"]
[Round "7"]
[White "Beliavsky, Alexander G"]
[Black "Adams, Michael"]
[Result "1-0"]
[WhiteElo "2620"]
[BlackElo "2505"]
[PlyCount "79"]
[EventDate "1989.11.??"]
[Source "ChessBase"]

1. d4 Nf6 2. c4 e6 3. Nf3 b6 4. g3 Bb4+ 5. Bd2 Bxd2+ 6. Qxd2 Ba6 7. b3 c6 8. Qb2 d5 9. Nbd2 O-O 10. Bg2 Qe7 11. O-O Nbd7 12. Rfe1 Rac8 13. e4 dxe4 14. Nxe4 c5 15. Nxf6+ Qxf6 16. Ne5 Rc7 17. Qa3 Bc8 18. Nc6 Bb7 19. d5 Bxc6 20. dxc6 Ne5 21. Rad1 Nf3+ 22. Bxf3 Qxf3 23. Qa4 Qxc6 24. Qxc6 Rxc6 25. Rd7 a6 26. Red1 g5 27. Kg2 Kg7 28. Kf3 Kf6 29. Ke4 b5 30. Rc1 Rb8 31. Rc3 Kg6 32. h4 h6 33. h5+ Kxh5 34. Rxf7 bxc4 35. Rf6 cxb3 36. g4+ Kxg4 37. Rg3+ Kh5 38. Rh3+ Kg4 39. Rfxh6 Rb4+ 40. Ke5 1-0

[Event "Moscow Tal Memorial"]
[Site "Moscow RUS"]
[Date "1992.??.??"]
[Round "?"]
[White "Krasenkow, Michal"]
[Black "Epishin, Vladimir V"]
[Result "1/2-1/2"]
[WhiteElo "2495"]
[BlackElo "2620"]
[PlyCount "21"]
[EventDate "1992.08.??"]
[Source "www.chesslib.no"]
[SourceDate "2004.05.04"]

1. Nf3 Nf6 2. c4 e6 3. g3 b6 4. Bg2 Bb7 5. O-O d5 6. d4 Nbd7 7. Nc3 dxc4 8. Qa4 a6 9. Qxc4 b5 10. Qd3 c5 11. dxc5 1/2-1/2

[Event "Warsaw POL, 5. Amplico AIG"]
[Site "?"]
[Date "2005.12.17"]
[Round "6"]
[White "Kempinski Robert"]
[Black "Jaracz Pawel"]
[Result "1/2-1/2"]
[WhiteElo "2619"]
[BlackElo "2492"]
[PlyCount "146"]
[EventDate "2005.??.??"]
[Source "www.chesslib.no"]
[SourceDate "2004.05.04"]

1. d4 Nf6 2. c4 e6 3. Nf3 b6 4. g3 Bb4+ 5. Bd2 Be7 6. Bg2 c6 7. Ne5 O-O 8. e4 d5 9. exd5 cxd5 10. Nc3 Bb7 11. O-O Nbd7 12. Qa4 Nxe5 13. dxe5 Ne4 14. cxd5 exd5 15. Nxe4 dxe4 16. Bc3 Qe8 17. Qc2 f5 18. exf6 Bxf6 19. Rae1 Bxc3 20. Qxc3 Qf7 21. Qa3 Rfe8 22. Re2 Re5 23. Rfe1 Ra5 24. Qb4 Qxa2 25. Bxe4 Bxe4 26. Rxe4 Rf8 27. Rf4 Rc8 28. Qe7 h6 29. Rg4 Qf7 30. Qxf7+ Kxf7 31. Rf4+ Kg8 32. b4 Rb5 33. Re7 Rf8 34. Rd4 a5 35. Rdd7 Rg5 36. h4 Rg4 37. bxa5 bxa5 38. Kg2 a4 39. f3 Rg6 40. Ra7 h5 41. Rxa4 Rb8 42. Ra5 Rb2+ 43. Kh3 Rb3 44. Rf5 Rf6 45. Rg5 g6 46. f4 Kf8 47. Ra7 Rxf4 48. Rxg6 Rf5 49. Rc6 Rb8 50. Rh6 Kg8 51. Rg6+ Kh8 52. Rh6+ Kg8 53. Rhh7 Rc8 54. Rag7+ Kf8 55. Ra7 Kg8 56. Rag7+ Kf8 57. Rg5 Rxg5 58. hxg5 Kg8 59. Rxh5 Kg7 60. Rh6 Rc5 61. Kh4 Rc4+ 62. Kh5 Rc1 63. Rg6+ Kh7 64. Rd6 Rh1+ 65. Kg4 Kg7 66. Rd7+ Kg6 67. Rd6+ Kg7 68. g6 Ra1 69. Kh4 Kh6 70. g4 Ra4 71. g7+ Kxg7 72. Kh5 Ra7 73. g5 Rb7 1/2-1/2

[Event "Brno"]
[Site "?"]
[Date "1992.??.??"]
[Round "?"]
[White "Ftacnik, L."]
[Black "Kortchnoi, V."]
[Result "1/2-1/2"]
[WhiteElo "2535"]
[BlackElo "2575"]
[PlyCount "134"]
[EventDate "1992.??.??"]
[Source "ChessBase"]
[SourceDate "1992.06.01"]

1. d4 Nf6 2. c4 e6 3. Nf3 Bb4+ 4. Nbd2 b6 5. g3 Ba6 6. Qc2 Bb7 7. Bg2 Be4 8. Qb3 Bxd2+ 9. Bxd2 O-O 10. O-O Nc6 11. Rfd1 h6 12. Qe3 Re8 13. Ne5 Bxg2 14. Kxg2 Ne7 15. Qf3 d6 16. Ng4 Nh7 17. Qd3 f5 18. Ne3 Qd7 19. f3 Rf8 20. Nc2 Nf6 21. Rf1 Rf7 22. Rad1 Raf8 23. Na3 Ng6 24. Nb5 e5 25. Nc3 exd4 26. Qxd4 c5 27. Qf2 Qc6 28. Kg1 a6 29. a4 Rd7 30. Qe3 d5 31. cxd5 Nxd5 32. Nxd5 Rxd5 33. Bc3 Rfd8 34. Rxd5 Qxd5 35. b4 Rf8 36. bxc5 bxc5 37. Rb1 f4 38. Qd2 Qe6 39. Rb7 Rf7 40. Rxf7 Qxf7 41. Kf2 Qc4 42. Qb2 Qf7 43. Qb6 Qc4 44. Bb2 Nf8 45. Qb7 fxg3+ 46. hxg3 Ne6 47. Be5 Qxa4 48. f4 Qe8 49. Qxa6 Qg6 50. Qc8+ Kh7 51. Qd7 h5 52. e4 Qg4 53. f5 Nd4 54. Bxd4 cxd4 55. Qxd4 h4 56. gxh4 Qxh4+ 57. Ke2 Qg3 58. Qc5 Qh3 59. Qe5 Qb3 60. Qd4 Qg3 61. Qd5 Qc3 62. Qd3 Qe5 63. Kf3 g6 64. Qd7+ Qg7 65. Qe6 gxf5 66. Qxf5+ Kg8 67. Kf4 Qf8 1/2-1/2

[Event "USA Ch"]
[Site "Estes Park"]
[Date "1987.??.??"]
[Round "10"]
[White "Gurevich, Dmitry B"]
[Black "Christiansen, Larry M"]
[Result "0-1"]
[WhiteElo "2535"]
[BlackElo "2575"]
[PlyCount "77"]
[EventDate "1987.11.??"]
[Source "www.chesslib.no"]
[SourceDate "2004.05.04"]

1. d4 Nf6 2. c4 e6 3. Nf3 b6 4. g3 Bb4+ 5. Bd2 Bxd2+ 6. Qxd2 Ba6 7. b3 O-O 8. Bg2 d5 9. O-O c6 10. Qc2 Nbd7 11. Nbd2 c5 12. e4 cxd4 13. exd5 exd5 14. Nxd4 Rc8 15. Rfe1 g6 16. b4 Bxc4 17. Qa4 Qc7 18. Bh3 Rce8 19. Nxc4 Rxe1+ 20. Rxe1 Qxc4 21. Nc6 Qc3 22. Re3 Qc1+ 23. Kg2 Nb8 24. Nxb8 d4 25. Rf3 Ne4 26. Qc6 Qe1 27. Nd7 Nd2 28. g4 d3 29. Nf6+ Kg7 30. Rf4 Qe5 31. Nd5 Ne4 32. Rf3 d2 33. Rd3 Rd8 34. Qc4 Nf6 35. Ne3 b5 36. Qc3 Qe4+ 37. f3 Qxd3 38. Qxd3 Rxd3 39. Nd1 0-1

[Event "SWE-chT 9900"]
[Site "Sweden"]
[Date "1999.??.??"]
[Round "4"]
[White "Degerman, Lars"]
[Black "Hellers, Ferdinand"]
[Result "1/2-1/2"]
[WhiteElo "2503"]
[BlackElo "2605"]
[PlyCount "66"]
[EventDate "1999.11.??"]
[Source "www.chesslib.no"]
[SourceDate "2004.05.04"]

1. d4 Nf6 2. Nf3 e6 3. c4 b6 4. g3 Bb4+ 5. Bd2 Bxd2+ 6. Qxd2 Ba6 7. Qc2 c5 8. Bg2 Nc6 9. O-O cxd4 10. Rd1 Qc7 11. Qa4 Bb7 12. Nxd4 Nxd4 13. Rxd4 Bxg2 14. Kxg2 Qc6+ 15. Qxc6 dxc6 16. Nc3 Ke7 17. Rad1 Rhd8 18. Kf3 Rxd4 19. Rxd4 Nd7 20. b3 Rf8 21. e3 f5 22. Ke2 g5 23. f4 h6 24. Rd1 Nf6 25. Rf1 Rd8 26. h3 a6 27. Rd1 Ra8 28. Rc1 Rg8 29. Kf3 Rd8 30. Rd1 Rxd1 31. Nxd1 g4+ 32. hxg4 fxg4+ 33. Kg2 Ne4 1/2-1/2

[Event "FRA-chT 9900"]
[Site "France"]
[Date "2000.04.01"]
[Round "6.2"]
[White "Efimov, Igor"]
[Black "Sokolov, Andrei"]
[Result "1/2-1/2"]
[WhiteElo "2537"]
[BlackElo "2565"]
[PlyCount "21"]
[EventDate "2000.02.04"]
[Source "www.chesslib.no"]
[SourceDate "2004.05.04"]

1. d4 Nf6 2. Nf3 e6 3. c4 b6 4. g3 Nc6 5. Nbd2 Bb7 6. Bg2 Be7 7. O-O O-O 8. b3 d5 9. Bb2 Nd7 10. cxd5 exd5 11. Ne5 1/2-1/2

[Event "Cheliabinsk-A"]
[Site "Chelyabinsk RUS"]
[Date "1991.??.??"]
[Round "?"]
[White "Ionov, Sergey"]
[Black "Vyzmanavin, Alexey B"]
[Result "1/2-1/2"]
[WhiteElo "2510"]
[BlackElo "2590"]
[PlyCount "36"]
[EventDate "1991.12.??"]
[Source "www.chesslib.no"]
[SourceDate "2004.05.04"]

1. d4 Nf6 2. c4 e6 3. Nf3 b6 4. g3 Bd6 5. b3 Bb4+ 6. Bd2 Be7 7. Bg2 g6 8. Bc3 d5 9. Nbd2 Nbd7 10. O-O O-O 11. Re1 Bb7 12. e4 c5 13. exd5 exd5 14. Ng5 cxd4 15. Bxd4 Nc5 16. Rc1 Rc8 17. Ba1 Re8 18. Nf1 dxc4 1/2-1/2